| 000 | 00728cam a22002173a 4500 | ||
|---|---|---|---|
| 999 |
_c14006 _d14006 |
||
| 020 | _a0439314321 | ||
| 020 | _a9780439314329 | ||
| 082 | _aFic C2121 2001 | ||
| 100 | 1 | _aCarmi, Rebecca. | |
| 245 | 1 | 0 |
_aAmazing magnetism / _cby Rebecca Carmi ; illustrations by John Speirs. |
| 260 |
_aNew York : _bScholastic, _cc2001. |
||
| 300 |
_a76 p. : _bill. ; _c20 cm. |
||
| 337 |
_aunmediated _bn |
||
| 490 | 0 |
_aThe Magic school bus, a science chapter book ; _v#12 |
|
| 520 | _aMrs. Frizzle's class challenges Mr. Order's class to a science contest, where the topic of the contest is magnetism. | ||
| 526 | _aFICTION | ||
| 650 | 0 | _aMagnetism--Fiction. | |
| 650 | 0 | _aMagnets--Fiction. | |
| 700 | 1 | _aSpeirs, John. | |
| 942 |
_2ddc _cBK |
||